| 000 | 00709nam a2200229 a 4500 | ||
|---|---|---|---|
| 005 | 20240924071217.0 | ||
| 008 | 021011s2000 ag r 000 0 spa d | ||
| 020 | _a9875380067 | ||
| 035 | _aUPN01000120122 | ||
| 049 | _aI | ||
| 050 | 4 |
_aB105 C4.5 _bL5.68a |
|
| 100 | 1 |
_aLipman, Matthew, _d1922-2010 _929038 |
|
| 245 | 1 | 0 |
_aPixi / _cMatthew Lipman. |
| 260 |
_aMéxico _bNovedades Educativas, _c2000. |
||
| 300 | _a61 p. | ||
| 440 | 0 |
_aFilosofía y escuela. _pTextos de filosofía |
|
| 500 | _a" 2o ciclo " | ||
| 500 | _aPublicado también con el título de Pixie, en Madrid por Ediciones de la Torre | ||
| 650 | 4 |
_aNiños y filosofía _97350 |
|
| 650 | 4 |
_aLiteratura infantil _94445 |
|
| 905 | _aInfantil | ||
| 999 |
_c92467 _d92467 |
||